Harry Potter Top 200 S Surnames Quiz Stats

 Plays Quiz not verified by Sporcle

Score 0/11 Timer 03:00
0 Plays Today
% Correct
Snape
95.7%
Slytherin
80.6%
Slughorn
69.6%
Sprout
64.2%
Smith*
62%
Spinnet
59.5%
Shunpike
59.1%
Scrimgeour
58.5%
Shacklebolt
51.1%
Skeeter
45.9%
Scabior
38.7%

You're not logged in!

Compare scores with friends on all Sporcle quizzes.
OR
Log In

Show Comments

Extras

Top Quizzes Today


Score Distribution

Your Account Isn't Verified!

In order to create a playlist on Sporcle, you need to verify the email address you used during registration. Go to your Sporcle Settings to finish the process.

Report this User

Report this user for behavior that violates our Community Guidelines.

Details: